000 00626nam a2200241Ia 4500
001 25241
005 20240114000836.0
007 ta
008 060421s g b000 u 465 u
040 _aCotton College,Assam
041 _a465
082 _a823
_bW 524 M
100 _aWesterman, Percy F. .
245 0 _aA Mystery of the Broads /
_cPercy F. Westerman.
_hTextual Documents
250 _a1st ed. /
260 _aLondon :
_bBlackie & Sons Ltd ,
_cnd.
300 _a223p. ;
_c21cm.
653 _aEnglish Novel
653 _aG-English
942 _2ddc
_cBK
999 _c25223
_d25223